000 00877nam a2200277Ia 4500
003 GCL
008 140319s9999 xx 000 0 ara d
040 _aGCL /
_cGCL
082 0 4 _aق
_b962
_bد هـ
100 1 _aدار الهلال
245 1 0 _aالهلال - يونيه 1970 /
_cدار الهلال
300 _a200 ص
490 _aالهيئة العامة للاستعلامات
_v0
650 0 4 _aالقصص القصيرة
650 0 4 _aمصر
650 0 4 _aالحروب الصليبية
650 0 4 _aجمال الدين الافغانى
650 0 4 _aالريف المصرى
650 0 4 _aالدوريات
650 0 4 _aالقوات المسلحة
650 0 4 _aثورة القاهرة الاولى
650 0 4 _aجمال عبدالناصر
650 0 4 _aثورة القاهرة
650 0 4 _aمصر القديمة - تاريخ
942 _2ddc
_cBK
999 _c51637
_d51637